| 000 | 02749cam a2200421 a 4500 | ||
|---|---|---|---|
| 001 | 10393640 | ||
| 003 | DFJGHKTYF | ||
| 005 | 20220326193248.0 | ||
| 008 | 130308s2013 nyua 001 0 eng d | ||
| 020 | _a9781938922015 | ||
| 020 | _a1938922018 | ||
| 035 | _a(OCoLC)ocn833340992 | ||
| 035 | _a(OCoLC)833340992 | ||
| 035 | _a(NNC)10393640 | ||
| 040 |
_aERASA _beng _cCNNGC _dNNC |
||
| 082 |
_a702 _bUL45d |
||
| 090 | _aN6494 C63 D6 2013 | ||
| 245 | 0 | 0 |
_aDo it : _bthe compendium / _cedited by Hans Ulrich Obrist ; in collaboration with Independent Curators International. |
| 246 | 3 | 0 | _aHans Ulrich Obrist : do it : the compendium |
| 260 |
_aNew York : _bIndependent Curators International : _bDistributed Art Publishers _c2013. |
||
| 300 |
_a448 p. : _bill. ; _c26 cm. |
||
| 500 | _aIncludes index. | ||
| 505 | 0 |
_tIntroduction / _rHans Ulrich Obrist -- _tArt by instruction and the pre-history of do it / _rBruce Altshuler -- _tProgress report / _rKate Fowle and Hans Ulrich Obrist -- _tArtists introductions -- _tDo it at TEOR/éTica / _rVirginia Pérez-Ratton -- _tWhy do it Chinese version? / _rHu Fang and Hans Ulrich Obrist -- _tThe evolution of do it / _rElizabeth Presa and Hans Ulrich Obrist. |
|
| 520 | 8 | _aCurated by Hans Ulrich Obrist, 'Do It' began in Paris in 1993 as a conversation between the artists Christian Boltanski and Bertrand Lavier and Obrist himself, who was experimenting with how exhibition formats could be rendered more flexible and open-ended. The discussion led to the question of whether a show could take "scores" or written instructions by artists as a point of departure, which could be interpreted anew each time they were enacted. To test the idea, Obrist invited 13 artists to send instructions, which were then translated into nine different languages and circulated internationally as a book. Within two years, 'Do It' exhibitions were being created all over the world by realizing the artists' instructions. With every version of the exhibition new instructions were added, so that today more than 300 artists have contributed to the project. | |
| 650 | 0 |
_aConceptual art _vExhibitions. _9439 |
|
| 650 | 0 |
_aInteractive art _vExhibitions. _9440 |
|
| 650 | 0 |
_aArt, Modern _y20th century _vExhibitions. _9441 |
|
| 650 | 0 |
_aArt, Modern _y21st century _vExhibitions. _9442 |
|
| 650 | 0 |
_xarte conceptual- exhibiciones- exposiciones _xartemoderno- siglo XX-XXI _9443 |
|
| 650 | 6 |
_aArt conceptuel _vExpositions. _9444 |
|
| 650 | 6 |
_aArt interactif _vExpositions. _9445 |
|
| 650 | 6 |
_aArt _y20e siècle _vExpositions. _9446 |
|
| 650 | 6 |
_aArt _y21e siècle _vExpositions. _9447 |
|
| 700 | 1 |
_aObrist, Hans-Ulrich. _9448 |
|
| 710 | 2 |
_aIndependent Curators International. _9449 |
|
| 948 | 1 |
_a20130726 _bc _crhg9 _dOSMC |
|
| 999 |
_c86 _d86 |
||